00400 a2200121 4500001000900000005001700009008004100026245008500067100001800152700001700170773007400187999001700261ART_928920260410161846.0260409a 10aLa producción de alimentos en el proceso de internacionalización del capital1 aBarkin, David1 aRozo, Carlos0 tEl trimestre económicog- Vol. L, Nº 199 (jul./set. 1983)wREV6933 c24542d24542